000 00656nam a2200229Ia 4500
005 20260320201829.0
008 008 262003s9999 xx 000 0 eng d
037 _aEBOOK
040 _aCRL
040 _beng
040 _cCRL
041 _2eng
041 _aeng
084 _qCRL
100 _aShah
245 0 _aDatabricks Certified Associate Developer for Apache Spark Using Python: The ultimate guide to getting certified in Apache Spark using practical examples with Python
260 _bIEEE
856 _uhttps://ieeexplore.ieee.org/servlet/opac?bknumber=10559431
942 _cEBOOK
999 _c1723776
_d1723776